تعبیر کی غلطی (Record no. 71037)
[ view plain ]
| 000 -LEADER | |
|---|---|
| fixed length control field | 00415nam a22001457a 4500 |
| 005 - DATE AND TIME OF LATEST TRANSACTION | |
| control field | 20150512124718.0 |
| 008 - FIXED-LENGTH DATA ELEMENTS--GENERAL INFORMATION | |
| fixed length control field | 150512b xxu||||| |||| 00| 0 eng d |
| 040 ## - CATALOGING SOURCE | |
| Transcribing agency | PK-LaUMT |
| 082 ## - DEWEY DECIMAL CLASSIFICATION NUMBER | |
| Classification number | KHC 297.7 |
| Item number | WAH-T |
| 100 ## - MAIN ENTRY--PERSONAL NAME | |
| Personal name | وحید الدین خاں |
| 245 ## - TITLE STATEMENT | |
| Title | تعبیر کی غلطی |
| Statement of responsibility, etc | وحید الدین خاں |
| 260 ## - PUBLICATION, DISTRIBUTION, ETC. (IMPRINT) | |
| Place of publication, distribution, etc | لاہور |
| Name of publisher, distributor, etc | المکتبہ الاشرفیہ |
| Date of publication, distribution, etc | 1963 |
| 300 ## - PHYSICAL DESCRIPTION | |
| Extent | 344 ص |
| 942 ## - ADDED ENTRY ELEMENTS (KOHA) | |
| Koha item type | Books |
| Withdrawn status | Lost status | Damaged status | Home library | Current library | Date acquired | Full call number | Barcode | Date last seen | Price effective from | Koha item type |
|---|---|---|---|---|---|---|---|---|---|---|
| UMT Main Campus | UMT Main Campus | 2015-05-12 | KHC 297.7 WAH-T | 69655 | 2015-05-12 | 2015-05-12 | Books |
